Phát triển đội ngũ giáo viên ở các trường Tiểu học huyện Vĩnh Lợi, tỉnh Bạc Liêu Luận văn thạc sĩ khoa học giáo dục. Chuyên ngành: Quản lý giáo dục. Mã số: 8.14.01.14

Đã lưu trong:
書目詳細資料
主要作者: Lê, Minh Chí
其他作者: Nguyễn, Văn Đệ (Hướng dẫn)
格式: 工具包 圖書
語言:Vietnamese
出版: Đồng Tháp Đại học Đồng Tháp 2020
主題:
標簽: 添加標簽
沒有標簽, 成為第一個標記此記錄!
Thư viện lưu trữ: Trung tâm Học liệu Lê Vũ Hùng, Trường Đại học Đồng Tháp
LEADER 01224ppm a22002658a 4500
001 00045926
005 20201104081139.0
008 170628s2017 ||||||viesd
041 0 # |a vie 
082 1 4 |b PH110TR  |a 372.12 
100 1 # |a Lê, Minh Chí 
245 0 0 |b Luận văn thạc sĩ khoa học giáo dục. Chuyên ngành: Quản lý giáo dục. Mã số: 8.14.01.14  |c Lê Minh Chí; Nguyễn Văn Đệ (hướng dẫn)  |a Phát triển đội ngũ giáo viên ở các trường Tiểu học huyện Vĩnh Lợi, tỉnh Bạc Liêu 
260 # # |a Đồng Tháp  |b Đại học Đồng Tháp  |c 2020 
300 # # |a x,130 tr. +phụ lục  |c 30 cm  |e 1 bản tóm tắt 
500 # # |a ĐTTS ghi: Bộ giáo dục và đào tạo. Trường Đại học Đồng Tháp 
653 # # |a Bạc Liêu 
653 # # |a Tiểu học 
653 # # |a Quản lý giáo dục 
653 # # |a Giáo viên 
653 # # |a Luận văn 
653 # # |a Phát triển 
700 1 # |a Nguyễn, Văn Đệ  |e Hướng dẫn 
852 # # |j LV.0002697  |j LV.0002698 
910 # # |d 03/11/2020 
980 # # |a Trung tâm Học liệu Lê Vũ Hùng, Trường Đại học Đồng Tháp